Dolce come una carezza /

Salvato in:
Dettagli Bibliografici
Autore principale: Vitali, Mauro
Natura: Libro
Lingua:inglese
Pubblicazione: Roma Il Filo 2005
Serie:Nuove Voci. Poesia
Tags: Aggiungi Tag
Nessun Tag, puoi essere il primo ad aggiungerne!!

MARC

LEADER 00000nam a2200000 4500
001 CDOM0000002369
003 mi
005 20251012220802.0
008 251012b |||||||| |||| 00| 0 eng d
020 |a 8874823084 
040 |c mi 
100 |a Vitali, Mauro 
245 1 |a Dolce come una carezza /  |c Mauro Vitali 
260 |a Roma  |b Il Filo  |c 2005 
300 |a 56 p. ;  |c 20 cm. 
490 |a Nuove Voci. Poesia 
942 |2 ddc  |c BK 
952 |0 0  |1 0  |2 ddc  |4 0  |6 B_LPS01VITMADOL11  |7 1  |9 5944  |a MI  |b MI  |d 2006-05-06  |i 5052  |l 0  |o B-LPS01-VITMA-DOL11  |p CDOM5052  |r 2025-07-13 16:28:00  |w 2025-07-13  |x DONO  |y BK 
952 |0 0  |1 0  |2 ddc  |4 0  |6 B_LPS01VITMADOL12  |7 0  |9 5945  |a MI  |b MI  |d 2006-05-06  |i 5053  |l 0  |o B-LPS01-VITMA-DOL12  |p CDOM5053  |r 2025-07-13 16:28:00  |w 2025-07-13  |x DONO  |y BK 
999 |c 4748  |d 4748